Magnézium a kardiológiában
Elmentve itt :
| Szerző: | |
|---|---|
| Dokumentumtípus: | Cikk |
| Megjelent: |
1992
|
| Sorozat: | ORVOSKÉPZÉS
67 No. 3 |
| Tárgyszavak: | |
| mtmt: | 2026237 |
| Online Access: | http://publicatio.bibl.u-szeged.hu/32224 |
| LEADER | 00600nab a2200193 i 4500 | ||
|---|---|---|---|
| 001 | publ32224 | ||
| 005 | 20250329153704.0 | ||
| 008 | 250329s1992 hu o 000 hun d | ||
| 022 | |a 0030-6037 | ||
| 024 | 7 | |a 2026237 |2 mtmt | |
| 040 | |a SZTE Publicatio Repozitórium |b hun | ||
| 041 | |a hun | ||
| 100 | 1 | |a Fazekas Tamás | |
| 245 | 1 | 0 | |a Magnézium a kardiológiában |h [elektronikus dokumentum] / |c Fazekas Tamás |
| 260 | |c 1992 | ||
| 300 | |a 167-177 | ||
| 490 | 0 | |a ORVOSKÉPZÉS |v 67 No. 3 | |
| 650 | 4 | |a Klinikai orvostan | |
| 856 | 4 | 0 | |u http://publicatio.bibl.u-szeged.hu/32224/1/aok_klny_218_92.pdf |z Dokumentum-elérés |